00942nmc a2200277 a 4500003000900000005001700009008004100026020001800067040001300085245009900098260003000197300001900227490003200246500004800278504007000326650003200396650002000428650002800448651002200476651001900498653002100517700003300538700003200571700003300603800002800636AR-BaBNM20251128210751.0251020s2000 ||||||||||||||000 | spa|| a84-493-0934-4 cAR-BaBNM10aLa enseñanza y los profesoresbla reforma de la enseñanza en un mundo en transformacionn3 aBarcelonabPaidósc2000 a343 p.btablas 0aTemas de educaciónvv. 55 aContiene índices analítico y de nombres aContiene referencias bibliográficas al final de cada capítulo 4aFINALIDADES DE LA EDUCACION 4aROL DEL DOCENTE 4aREFORMA DE LA EDUCACION 4aEuropa Occidental 4aEstados Unidos aCAMBIO EDUCATIVO1 aBiddle, Bruce J.ecompilador1 aGood, Thomas L.ecompilador1 aGoodson, Ivor F.ecompilador1 aColl, Césaredirector